| 000 | 00449cam a2200169ua 4500 | ||
|---|---|---|---|
| 020 | _cRs 4.00 | ||
| 041 |
_aeng _h |
||
| 082 |
_a621.301 _bGRA/AU |
||
| 100 | _aGraham, Frank D. | ||
| 245 |
_aAudels new electric library, Vol 7 / _cFrank D Graham. _hTextual Documents |
||
| 260 |
_aMumbai : _bD B Taraporevala sons & Co. Pvt. Ltd. , _c1968. |
||
| 300 | _a740 ; . | ||
| 365 | _aRs 4.00 | ||
| 504 | _a | ||
| 942 | _cBK | ||
| 999 |
_c3246 _d3246 |
||